LIBRARY ONLINE CATALOGUE

Macroeconomics : (Record no. 11003)

MARC details
000 -LEADER
fixed length control field 00684cam a22002172 4500
001 - CONTROL NUMBER
control field 0000009170
005 - DATE AND TIME OF LATEST TRANSACTION
control field 20151217154409.0
008 - FIXED-LENGTH DATA ELEMENTS--GENERAL INFORMATION
fixed length control field 080910s xx 000 0 eng d
020 ## - INTERNATIONAL STANDARD BOOK NUMBER
International Standard Book Number 0072340894 :
Terms of availability KES 400
040 ## - CATALOGING SOURCE
Original cataloging agency KABU
Transcribing agency KABU
100 1# - MAIN ENTRY--PERSONAL NAME
Personal name McConnell, Campbell R.
-- 0000105653
245 10 - TITLE STATEMENT
Title Macroeconomics :
Remainder of title principles, problems, and policies /
Statement of responsibility, etc. Campbell R. McConnell, Stanley L. Bruce.
250 ## - EDITION STATEMENT
Edition statement 15th ed.
260 ## - PUBLICATION, DISTRIBUTION, ETC. (IMPRINT)
Place of publication, distribution, etc. Boston :
Name of publisher, distributor, etc. McGraw-Hill,
Date of publication, distribution, etc. 2002.
300 ## - PHYSICAL DESCRIPTION
Extent xxiv, 437 p.
650 #0 - SUBJECT ADDED ENTRY--TOPICAL TERM
Topical term or geographic name as entry element Macroeconomics.
-- 0000149933
700 1# - ADDED ENTRY--PERSONAL NAME
Personal name Bruce, Stanley L.
-- 0000160248
908 ## - PUT COMMAND PARAMETER (RLIN)
Put command parameter 080910
950 ## - LOCAL HOLDINGS (RLIN)
-- 1
Holdings
Withdrawn status Lost status Source of classification or shelving scheme Not for loan Home library Current library Date acquired Total Checkouts Full call number Barcode Date last seen Date last checked out Price effective from Koha item type
    Library of Congress Classification   Kabarak, Main Campus Kabarak, Main Campus 17/12/2015 5 HB172.5 .M33 2002 c. 1 009070 02/08/2024 26/01/2020 17/12/2015 General Collection